[Event "English Schools Championship Final 2024"]
[Site "Nottingham University Kings Meadow Campus, United Kingdom"]
[Date "2024.06.28"]
[Round "5.67"]
[White "Xu, Weiming"]
[Black "Laver, Will"]
[Result "0-1"]
[TimeControl "G50' + 10\" per move."]
[WhiteElo "1707"]
[BlackElo "1714"]

1. e4 {[%clk 00:50:17]} {[%emt 00:00:02]} c5 {[%clk 00:50:14]} {[%emt
00:00:06]} 2. Nf3 {[%clk 00:50:22]} {[%emt 00:00:05]} d6 {[%clk 00:50:22]}
{[%emt 00:00:02]} 3. Bb5+ {[%clk 00:50:13]} {[%emt 00:00:20]} Bd7 {[%clk
00:50:28]} {[%emt 00:00:03]} 4. Bxd7+ {[%clk 00:50:00]} {[%emt 00:00:23]} Nxd7
{[%clk 00:50:29]} {[%emt 00:00:09]} 5. Nc3 {[%clk 00:50:04]} {[%emt 00:00:06]}
g6 {[%clk 00:50:30]} {[%emt 00:00:09]} 6. d3 {[%clk 00:49:06]} {[%emt
00:01:08]} Bg7 {[%clk 00:50:29]} {[%emt 00:00:11]} 7. O-O {[%clk 00:48:52]}
{[%emt 00:00:24]} Ngf6 {[%clk 00:50:15]} {[%emt 00:00:25]} 8. Re1 {[%clk
00:47:54]} {[%emt 00:01:06]} e5 {[%clk 00:49:32]} {[%emt 00:00:54]} 9. Bg5
{[%clk 00:46:18]} {[%emt 00:01:45]} h6 {[%clk 00:48:49]} {[%emt 00:00:54]} 10.
Be3 {[%clk 00:45:41]} {[%emt 00:00:45]} a6 {[%clk 00:48:50]} {[%emt 00:00:11]}
11. Qd2 {[%clk 00:43:35]} {[%emt 00:02:16]} g5 {[%clk 00:47:13]} {[%emt
00:01:48]} 12. h3 {[%clk 00:42:12]} {[%emt 00:01:31]} Nh5 {[%clk 00:46:28]}
{[%emt 00:00:55]} 13. Nh2 {[%clk 00:36:49]} {[%emt 00:05:33]} Ndf6 {[%clk
00:43:40]} {[%emt 00:02:59]} 14. g4 {[%clk 00:30:52]} {[%emt 00:06:06]} Nf4
{[%clk 00:43:44]} {[%emt 00:00:07]} 15. Bxf4 {[%clk 00:30:57]} {[%emt
00:00:04]} gxf4 {[%clk 00:43:36]} {[%emt 00:00:19]} 16. f3 {[%clk 00:30:02]}
{[%emt 00:01:04]} Nh7 {[%clk 00:42:42]} {[%emt 00:01:04]} 17. Nd5 {[%clk
00:28:12]} {[%emt 00:02:00]} Rc8 {[%clk 00:42:18]} {[%emt 00:00:35]} 18. Qg2
{[%clk 00:24:56]} {[%emt 00:03:25]} Qh4 {[%clk 00:41:10]} {[%emt 00:01:18]} 19.
Kf1 {[%clk 00:11:36]} {[%emt 00:13:30]} Ng5 {[%clk 00:40:38]} {[%emt 00:00:43]}
20. Ke2 {[%clk 00:10:09]} {[%emt 00:01:35]} c4 {[%clk 00:39:22]} {[%emt
00:01:29]} 21. Rac1 {[%clk 00:07:28]} {[%emt 00:02:50]} b5 {[%clk 00:37:48]}
{[%emt 00:01:45]} 22. Rh1 {[%clk 00:04:51]} {[%emt 00:02:46]} Qxh3 {[%clk
00:37:37]} {[%emt 00:00:21]} 23. Qxh3 {[%clk 00:04:42]} {[%emt 00:00:18]} Nxh3
{[%clk 00:37:39]} {[%emt 00:00:08]} 24. Nf1 {[%clk 00:04:41]} {[%emt 00:00:11]}
Ng5 {[%clk 00:37:19]} {[%emt 00:00:31]} 25. Nd2 {[%clk 00:04:38]} {[%emt
00:00:13]} f6 {[%clk 00:35:32]} {[%emt 00:01:57]} 26. dxc4 {[%clk 00:04:03]}
{[%emt 00:00:44]} bxc4 {[%clk 00:35:40]} {[%emt 00:00:03]} 27. Nb6 {[%clk
00:04:09]} {[%emt 00:00:04]} Rc6 {[%clk 00:34:54]} {[%emt 00:00:56]} 28. Nbxc4
{[%clk 00:04:00]} {[%emt 00:00:19]} Ke7 {[%clk 00:33:44]} {[%emt 00:01:20]} 29.
Na5 {[%clk 00:03:44]} {[%emt 00:00:27]} Rc7 {[%clk 00:33:25]} {[%emt 00:00:28]}
30. Ndc4 {[%clk 00:03:18]} {[%emt 00:00:36]} Rhc8 {[%clk 00:33:02]} {[%emt
00:00:33]} 31. c3 {[%clk 00:02:44]} {[%emt 00:00:45]} Rxc4 {[%clk 00:32:45]}
{[%emt 00:00:26]} 32. Nxc4 {[%clk 00:02:49]} {[%emt 00:00:05]} Rxc4 {[%clk
00:32:52]} {[%emt 00:00:03]} 33. Rcd1 {[%clk 00:02:48]} {[%emt 00:00:10]} Ke6
{[%clk 00:32:28]} {[%emt 00:00:35]} 34. a3 {[%clk 00:02:41]} {[%emt 00:00:18]}
Bf8 {[%clk 00:32:02]} {[%emt 00:00:35]} 35. Rd3 {[%clk 00:02:40]} {[%emt
00:00:10]} Nf7 {[%clk 00:31:33]} {[%emt 00:00:40]} 36. Rd5 {[%clk 00:02:29]}
{[%emt 00:00:21]} Be7 {[%clk 00:31:11]} {[%emt 00:00:32]} 37. Kd3 {[%clk
00:02:18]} {[%emt 00:00:21]} Rc6 {[%clk 00:31:09]} {[%emt 00:00:13]} 38. b4
{[%clk 00:02:14]} {[%emt 00:00:13]} Ng5 {[%clk 00:29:39]} {[%emt 00:01:40]} 39.
Rf1 {[%clk 00:02:15]} {[%emt 00:00:09]} Bd8 {[%clk 00:28:45]} {[%emt 00:01:05]}
40. Kc2 {[%clk 00:02:15]} {[%emt 00:00:07]} Bb6 {[%clk 00:28:36]} {[%emt
00:00:21]} 41. Kb2 {[%clk 00:02:00]} {[%emt 00:00:23]} Rc8 {[%clk 00:27:28]}
{[%emt 00:01:20]} 42. Kb3 {[%clk 00:01:50]} {[%emt 00:00:20]} Rh8 {[%clk
00:27:16]} {[%emt 00:00:23]} 43. Rfd1 {[%clk 00:01:49]} {[%emt 00:00:09]} Bc7
{[%clk 00:27:16]} {[%emt 00:00:11]} 44. c4 {[%clk 00:01:51]} {[%emt 00:00:09]}
Nxf3 {[%clk 00:27:19]} {[%emt 00:00:06]} 45. c5 {[%clk 00:01:54]} {[%emt
00:00:07]} Nd4+ {[%clk 00:26:44]} {[%emt 00:00:45]} 46. Kc4 {[%clk 00:01:27]}
{[%emt 00:00:36]} Rg8 {[%clk 00:26:27]} {[%emt 00:00:29]} 47. a4 {[%clk
00:01:05]} {[%emt 00:00:32]} Rxg4 {[%clk 00:25:20]} {[%emt 00:01:16]} 48. b5
{[%clk 00:01:11]} {[%emt 00:00:04]} axb5+ {[%clk 00:24:48]} {[%emt 00:00:42]}
49. axb5 {[%clk 00:01:20]} f3 {[%clk 00:24:27]} {[%emt 00:00:31]} 50. b6 {[%clk
00:01:25]} {[%emt 00:00:05]} Bb8 {[%clk 00:24:24]} {[%emt 00:00:13]} 51. R5xd4
{[%clk 00:01:01]} {[%emt 00:00:33]} exd4 {[%clk 00:24:21]} {[%emt 00:00:14]} 52.
c6 {[%clk 00:01:07]} {[%emt 00:00:04]} Rg7 {[%clk 00:23:50]} {[%emt 00:00:41]}
53. Rxd4 {[%clk 00:01:03]} {[%emt 00:00:13]} f2 {[%clk 00:21:40]} {[%emt
00:02:21]} 54. Rd1 {[%clk 00:00:30]} {[%emt 00:00:43]} Ke5 {[%clk 00:20:07]}
{[%emt 00:01:43]} 55. Rf1 {[%clk 00:00:19]} {[%emt 00:00:20]} Rg1 {[%clk
00:19:54]} {[%emt 00:00:24]} 56. Rxf2 {[%clk 00:00:24]} {[%emt 00:00:05]} Rc1+
{[%clk 00:19:51]} {[%emt 00:00:13]} 57. Kb5 {[%clk 00:00:33]} {[%emt 00:00:02]}
d5 {[%clk 00:15:33]} {[%emt 00:04:28]} 58. Rf5 {[%clk 00:00:18]} {[%emt
00:00:23]} Kxe4 {[%clk 00:15:11]} {[%emt 00:00:32]} 59. Rxf6 {[%clk 00:00:25]}
{[%emt 00:00:03]} d4 {[%clk 00:11:26]} {[%emt 00:03:56]} 60. Rxh6 {[%clk
00:00:17]} {[%emt 00:00:19]} d3 {[%clk 00:11:02]} {[%emt 00:00:34]} 61. Ka6
{[%clk 00:00:23]} {[%emt 00:00:04]} d2 {[%clk 00:10:47]} {[%emt 00:00:24]} 62.
Kb7 {[%clk 00:00:29]} {[%emt 00:00:05]} d1=Q {[%clk 00:08:45]} {[%emt
00:02:11]} 63. Kxb8 {[%clk 00:00:36]} {[%emt 00:00:03]} Qd8+ {[%clk 00:08:39]}
{[%emt 00:00:15]} 64. Kb7 {[%clk 00:00:43]} {[%emt 00:00:03]} Ra1 {[%clk
00:08:36]} {[%emt 00:00:13]} 65. Rh7 {[%clk 00:00:21]} {[%emt 00:00:33]} Ra8
{[%clk 00:06:54]} {[%emt 00:01:52]} 66. c7 {[%clk 00:00:15]} {[%emt 00:00:16]}
Qd5# {[%clk 00:07:01]} {[%emt 00:00:03]} 0-1

[Event "English Schools Championship Final 2024"]
[Site "Nottingham University Kings Meadow Campus, United Kingdom"]
[Date "2024.06.28"]
[Round "5.68"]
[White "Ahmed, Bilal"]
[Black "Robinson, Ben"]
[Result "1-0"]
[TimeControl "G50' + 10\" per move."]
[WhiteFideId "474207"]
[WhiteElo "1736"]
[BlackElo "1609"]

1. e4 {[%clk 00:49:43]} {[%emt 00:00:36]} e5 {[%clk 00:50:15]} {[%emt
00:00:06]} 2. Nf3 {[%clk 00:49:51]} {[%emt 00:00:02]} Nc6 {[%clk 00:50:15]}
{[%emt 00:00:09]} 3. Bb5 {[%clk 00:49:56]} {[%emt 00:00:05]} Nf6 {[%clk
00:50:00]} {[%emt 00:00:26]} 4. O-O {[%clk 00:49:55]} {[%emt 00:00:11]} d6
{[%clk 00:45:17]} {[%emt 00:04:53]} 5. d4 {[%clk 00:45:02]} {[%emt 00:05:02]}
exd4 {[%clk 00:33:58]} {[%emt 00:11:28]} 6. Nxd4 {[%clk 00:44:47]} {[%emt
00:00:25]} Bd7 {[%clk 00:33:49]} {[%emt 00:00:20]} 7. Re1 {[%clk 00:43:19]}
{[%emt 00:01:38]} Nxd4 {[%clk 00:28:15]} {[%emt 00:05:44]} 8. Bxd7+ {[%clk
00:43:16]} {[%emt 00:00:13]} Nxd7 {[%clk 00:27:57]} {[%emt 00:00:28]} 9. Qxd4
{[%clk 00:43:10]} {[%emt 00:00:16]} Qf6 {[%clk 00:27:13]} {[%emt 00:00:54]} 10.
Qxf6 {[%clk 00:41:40]} {[%emt 00:01:40]} gxf6 {[%clk 00:25:03]} {[%emt
00:02:20]} 11. Nc3 {[%clk 00:41:01]} {[%emt 00:00:49]} O-O-O {[%clk 00:22:02]}
{[%emt 00:03:11]} 12. Bf4 {[%clk 00:39:48]} {[%emt 00:01:23]} Rg8 {[%clk
00:16:56]} {[%emt 00:05:15]} 13. Nd5 {[%clk 00:37:08]} {[%emt 00:02:51]} c6
{[%clk 00:16:04]} {[%emt 00:01:02]} 14. Nc3 {[%clk 00:36:06]} {[%emt 00:01:12]}
Ne5 {[%clk 00:13:42]} {[%emt 00:02:32]} 15. Bg3 {[%clk 00:34:15]} {[%emt
00:02:01]} h5 {[%clk 00:13:03]} {[%emt 00:00:50]} 16. f4 {[%clk 00:30:30]}
{[%emt 00:03:54]} Nd7 {[%clk 00:11:56]} {[%emt 00:01:17]} 17. Rad1 {[%clk
00:28:38]} {[%emt 00:02:02]} Nb6 {[%clk 00:09:35]} {[%emt 00:02:32]} 18. Rd4
{[%clk 00:25:10]} {[%emt 00:03:39]} d5 {[%clk 00:08:29]} {[%emt 00:01:15]} 19.
Kh1 {[%clk 00:22:59]} {[%emt 00:02:21]} Bc5 {[%clk 00:07:39]} {[%emt 00:01:00]}
20. Rd3 {[%clk 00:22:02]} {[%emt 00:01:07]} d4 {[%clk 00:05:43]} {[%emt
00:02:05]} 21. Ne2 {[%clk 00:19:03]} {[%emt 00:03:09]} Nc4 {[%clk 00:03:42]}
{[%emt 00:02:12]} 22. b3 {[%clk 00:15:14]} {[%emt 00:04:00]} Ne3 {[%clk
00:03:46]} {[%emt 00:00:05]} 23. c3 {[%clk 00:14:00]} {[%emt 00:01:23]} dxc3
{[%clk 00:03:22]} {[%emt 00:00:34]} 24. Rxc3 {[%clk 00:12:41]} {[%emt
00:01:30]} Bb6 {[%clk 00:01:44]} {[%emt 00:01:47]} 25. Ng1 {[%clk 00:11:08]}
{[%emt 00:01:44]} Ng4 {[%clk 00:01:43]} {[%emt 00:00:12]} 26. Rc2 {[%clk
00:09:42]} {[%emt 00:01:35]} Rd3 {[%clk 00:00:44]} {[%emt 00:01:09]} 27. Nf3
{[%clk 00:08:37]} {[%emt 00:01:16]} Nf2+ {[%clk 00:00:18]} {[%emt 00:00:36]} 28.
Bxf2 {[%clk 00:08:33]} {[%emt 00:00:13]} Bxf2 {[%clk 00:00:24]} {[%emt
00:00:04]} 29. Rxf2 {[%clk 00:08:32]} {[%emt 00:00:11]} Rgd8 {[%clk 00:00:20]}
{[%emt 00:00:14]} 30. Rfe2 {[%clk 00:07:55]} {[%emt 00:00:47]} Re8 {[%clk
00:00:12]} {[%emt 00:00:18]} 31. e5 {[%clk 00:07:15]} {[%emt 00:00:51]} fxe5
{[%clk 00:00:13]} {[%emt 00:00:09]} 32. fxe5 {[%clk 00:07:14]} {[%emt
00:00:10]} Kc7 {[%clk 00:00:00]} {[%emt 00:00:13]} 1-0

[Event "English Schools Championship Final 2024"]
[Site "Nottingham University Kings Meadow Campus, United Kingdom"]
[Date "2024.06.28"]
[Round "5.69"]
[White "Berry, Namam"]
[Black "Jeevananth, Thuvaragan"]
[Result "0-1"]
[TimeControl "G50' + 10\" per move."]
[WhiteFideId "343432492"]
[WhiteElo "1466"]
[BlackElo "1780"]

1. e4 {[%clk 00:50:16]} {[%emt 00:00:02]} c5 {[%clk 00:50:15]} {[%emt
00:00:06]} 2. Nf3 {[%clk 00:50:21]} {[%emt 00:00:06]} d6 {[%clk 00:50:20]}
{[%emt 00:00:04]} 3. d4 {[%clk 00:50:17]} {[%emt 00:00:14]} cxd4 {[%clk
00:50:29]} {[%emt 00:00:04]} 4. Nxd4 {[%clk 00:50:17]} {[%emt 00:00:07]} Nf6
{[%clk 00:50:37]} {[%emt 00:00:03]} 5. Nc3 {[%clk 00:50:15]} {[%emt 00:00:12]}
a6 {[%clk 00:50:45]} {[%emt 00:00:02]} 6. Bc4 {[%clk 00:50:00]} {[%emt
00:00:24]} e6 {[%clk 00:50:50]} {[%emt 00:00:06]} 7. O-O {[%clk 00:49:46]}
{[%emt 00:00:22]} Be7 {[%clk 00:50:58]} {[%emt 00:00:03]} 8. Be3 {[%clk
00:49:40]} {[%emt 00:00:15]} O-O {[%clk 00:50:58]} {[%emt 00:00:12]} 9. Qd2
{[%clk 00:48:52]} {[%emt 00:00:57]} b5 {[%emt 00:00:21]} 10. Bb3 {[%clk
00:48:49]} Bb7 {[%clk 00:51:07]} {[%emt 00:00:02]} 11. f3 {[%clk 00:47:51]}
{[%emt 00:01:07]} Nbd7 {[%clk 00:50:53]} {[%emt 00:00:26]} 12. Rad1 {[%clk
00:45:33]} {[%emt 00:02:27]} Qc7 {[%clk 00:50:04]} {[%emt 00:01:00]} 13. Bxe6
{[%clk 00:43:04]} {[%emt 00:02:38]} fxe6 {[%clk 00:48:54]} {[%emt 00:01:20]} 14.
Nxe6 {[%clk 00:43:05]} {[%emt 00:00:09]} Qc4 {[%clk 00:48:37]} {[%emt
00:00:27]} 15. Nxf8 {[%clk 00:42:42]} {[%emt 00:00:33]} Bxf8 {[%clk 00:48:31]}
{[%emt 00:00:16]} 16. Bf4 {[%clk 00:40:45]} {[%emt 00:02:07]} Ne5 {[%clk
00:47:04]} {[%emt 00:01:37]} 17. Bxe5 {[%clk 00:40:05]} {[%emt 00:00:48]} dxe5
{[%clk 00:47:08]} {[%emt 00:00:08]} 18. Qd3 {[%clk 00:39:00]} {[%emt 00:01:16]}
Qc5+ {[%clk 00:46:32]} {[%emt 00:00:45]} 19. Kh1 {[%clk 00:38:41]} {[%emt
00:00:27]} Rc8 {[%clk 00:46:19]} {[%emt 00:00:25]} 20. a3 {[%clk 00:35:07]}
{[%emt 00:03:45]} Qc7 {[%clk 00:44:51]} {[%emt 00:01:36]} 21. Rd2 {[%clk
00:32:46]} {[%emt 00:02:32]} b4 {[%clk 00:44:29]} {[%emt 00:00:32]} 22. Nd5
{[%clk 00:30:21]} {[%emt 00:02:35]} Nxd5 {[%clk 00:43:58]} {[%emt 00:00:42]} 23.
exd5 {[%clk 00:30:13]} {[%emt 00:00:17]} Rd8 {[%clk 00:43:51]} {[%emt
00:00:17]} 24. Rfd1 {[%clk 00:28:59]} {[%emt 00:01:23]} Kh8 {[%clk 00:42:37]}
{[%emt 00:01:25]} 25. Qf5 {[%clk 00:28:02]} {[%emt 00:01:06]} bxa3 {[%clk
00:41:46]} {[%emt 00:01:03]} 26. bxa3 {[%clk 00:28:09]} {[%emt 00:00:02]} Bxa3
{[%clk 00:41:24]} {[%emt 00:00:32]} 27. Rd3 {[%clk 00:25:29]} {[%emt 00:02:50]}
Bd6 {[%clk 00:39:48]} {[%emt 00:01:46]} 28. Re3 {[%clk 00:23:13]} {[%emt
00:02:19]} Rc8 {[%clk 00:39:16]} {[%emt 00:00:50]} 29. Re2 {[%clk 00:19:36]}
{[%emt 00:03:46]} a5 {[%clk 00:37:36]} {[%emt 00:01:49]} 30. f4 {[%clk
00:15:39]} {[%emt 00:04:06]} Qc4 {[%clk 00:36:45]} {[%emt 00:01:02]} 31. Rd3
{[%clk 00:11:33]} {[%emt 00:04:17]} Qxf4 {[%clk 00:36:05]} {[%emt 00:00:50]} 32.
Qxf4 {[%clk 00:11:18]} {[%emt 00:00:25]} exf4 {[%clk 00:36:08]} {[%emt
00:00:07]} 33. Rc3 {[%clk 00:11:14]} {[%emt 00:00:12]} Rf8 {[%clk 00:35:34]}
{[%emt 00:00:47]} 34. Re6 {[%clk 00:10:33]} {[%emt 00:00:45]} Bb4 {[%clk
00:35:08]} {[%emt 00:00:42]} 35. Rd3 {[%clk 00:09:21]} {[%emt 00:01:21]} Bc8
{[%clk 00:34:41]} {[%emt 00:00:37]} 36. Rc6 {[%clk 00:09:12]} {[%emt 00:00:17]}
Bd7 {[%clk 00:31:32]} {[%emt 00:03:20]} 37. Rc7 {[%clk 00:08:22]} {[%emt
00:01:01]} Rd8 {[%clk 00:30:52]} {[%emt 00:00:50]} 38. c4 {[%clk 00:07:08]}
{[%emt 00:01:24]} Bd6 {[%clk 00:29:23]} {[%emt 00:01:38]} 39. Rb7 {[%clk
00:06:13]} {[%emt 00:01:06]} Re8 {[%clk 00:28:49]} {[%emt 00:00:44]} 40. h3
{[%clk 00:06:06]} {[%emt 00:00:16]} Re1+ {[%clk 00:28:41]} {[%emt 00:00:19]} 41.
Kh2 {[%clk 00:06:06]} {[%emt 00:00:02]} f3+ {[%clk 00:28:36]} {[%emt 00:00:23]}
42. g3 {[%clk 00:05:53]} {[%emt 00:00:23]} f2 {[%clk 00:27:47]} {[%emt
00:00:59]} 43. Rxd7 {[%clk 00:05:55]} {[%emt 00:00:08]} Rh1+ {[%clk 00:27:22]}
{[%emt 00:00:36]} 44. Kxh1 {[%clk 00:05:38]} {[%emt 00:00:25]} f1=Q+ {[%clk
00:27:14]} {[%emt 00:00:19]} 45. Kh2 {[%clk 00:05:33]} {[%emt 00:00:15]} h5
{[%clk 00:26:25]} {[%emt 00:00:59]} 46. Rxd6 {[%clk 00:04:50]} {[%emt
00:00:52]} Qxd3 {[%clk 00:26:19]} {[%emt 00:00:17]} 47. Rd8+ {[%clk 00:04:55]}
{[%emt 00:00:05]} Kh7 {[%clk 00:26:20]} {[%emt 00:00:09]} 48. d6 {[%clk
00:04:52]} {[%emt 00:00:13]} Qxc4 {[%clk 00:26:09]} {[%emt 00:00:21]} 49. d7
{[%clk 00:04:55]} {[%emt 00:00:06]} Qc7 {[%clk 00:26:13]} {[%emt 00:00:07]} 50.
Ra8 {[%clk 00:04:35]} {[%emt 00:00:30]} Qxd7 {[%clk 00:26:10]} {[%emt
00:00:13]} 51. h4 {[%clk 00:03:51]} {[%emt 00:00:52]} Qd2+ {[%emt 00:00:24]} 52.
Kh3 {[%clk 00:03:51]} {[%emt 00:00:05]} a4 {[%clk 00:25:43]} {[%emt 00:00:30]}
53. Ra7 {[%clk 00:03:38]} {[%emt 00:00:23]} Qd4 {[%clk 00:25:08]} {[%emt
00:00:45]} 54. Ra8 {[%clk 00:03:25]} {[%emt 00:00:22]} Qd5 {[%clk 00:24:57]}
{[%emt 00:00:22]} 55. g4 {[%clk 00:01:13]} {[%emt 00:02:21]} Qxa8 {[%clk
00:24:56]} {[%emt 00:00:12]} 56. gxh5 {[%clk 00:01:15]} {[%emt 00:00:07]} Qf3+
{[%clk 00:25:01]} {[%emt 00:00:05]} 57. Kh2 {[%clk 00:01:17]} {[%emt 00:00:06]}
a3 {[%clk 00:25:04]} {[%emt 00:00:09]} 58. h6 {[%clk 00:01:19]} {[%emt
00:00:08]} Kxh6 {[%clk 00:25:10]} {[%emt 00:00:05]} 59. h5 {[%clk 00:01:24]}
{[%emt 00:00:03]} a2 {[%clk 00:25:13]} {[%emt 00:00:09]} 60. Kg1 {[%clk
00:01:16]} {[%emt 00:00:17]} a1=R+ {[%clk 00:25:19]} {[%emt 00:00:05]} 61. Kh2
{[%clk 00:01:20]} {[%emt 00:00:05]} Rh1# {[%clk 00:25:23]} {[%emt 00:00:07]}
0-1

[Event "English Schools Championship Final 2024"]
[Site "Nottingham University Kings Meadow Campus, United Kingdom"]
[Date "2024.06.28"]
[Round "5.70"]
[White "White-Bower, Conor"]
[Black "Ross, Ethan"]
[Result "1-0"]
[TimeControl "G50' + 10\" per move."]
[BlackFideId "343411002"]
[WhiteElo "1587"]
[BlackElo "1301"]

1. d4 {[%clk 00:50:10]} d5 {[%clk 00:50:10]} 2. c4 {[%clk 00:50:10]} c6 {[%clk
00:50:10]} 3. Nc3 {[%clk 00:50:10]} Nf6 {[%clk 00:50:21]} {[%emt 02:47:19]} 4.
Bf4 {[%clk 00:50:32]} {[%emt 00:00:09]} Ne4 {[%clk 00:49:54]} {[%emt 00:00:38]}
5. e3 {[%clk 00:49:27]} {[%emt 00:01:13]} e6 {[%clk 00:49:11]} {[%emt
00:00:53]} 6. a3 {[%clk 00:49:13]} {[%emt 00:00:25]} Qa5 {[%clk 00:47:41]}
{[%emt 00:01:40]} 7. Rc1 {[%clk 00:47:18]} {[%emt 00:02:05]} Nd7 {[%clk
00:45:37]} {[%emt 00:02:14]} 8. f3 {[%clk 00:47:07]} {[%emt 00:00:21]} Nxc3
{[%clk 00:45:15]} {[%emt 00:00:32]} 9. Rxc3 {[%clk 00:47:13]} {[%emt 00:00:03]}
Bxa3 {[%clk 00:44:37]} {[%emt 00:00:48]} 10. Kf2 {[%clk 00:45:14]} {[%emt
00:02:09]} Bxb2 {[%clk 00:43:07]} {[%emt 00:01:40]} 11. Rb3 {[%clk 00:42:27]}
{[%emt 00:02:57]} Bc3 {[%clk 00:39:13]} {[%emt 00:04:03]} 12. Bd6 {[%clk
00:42:05]} {[%emt 00:00:32]} Qa1 {[%clk 00:35:31]} {[%emt 00:03:52]} 13. Qxa1
{[%clk 00:40:40]} {[%emt 00:01:36]} Bxa1 {[%clk 00:35:31]} {[%emt 00:00:10]} 14.
Bd3 {[%clk 00:40:06]} {[%emt 00:00:43]} Nb6 {[%clk 00:34:18]} {[%emt 00:01:25]}
15. c5 {[%clk 00:38:55]} {[%emt 00:01:21]} Nc4 {[%emt 00:01:03]} 16. Ne2 {[%clk
00:38:09]} {[%emt 00:00:53]} Nd2 {[%clk 00:32:31]} {[%emt 00:01:05]} 17. Ra3
{[%clk 00:37:07]} {[%emt 00:01:11]} Bxd4 {[%clk 00:28:30]} {[%emt 00:04:14]} 18.
exd4 {[%clk 00:36:50]} {[%emt 00:00:27]} Nc4 {[%clk 00:27:47]} {[%emt
00:00:52]} 19. Bxc4 {[%clk 00:36:41]} {[%emt 00:00:19]} dxc4 {[%clk 00:27:46]}
{[%emt 00:00:11]} 20. Rha1 {[%clk 00:35:39]} {[%emt 00:01:12]} a6 {[%clk
00:27:01]} {[%emt 00:00:55]} 21. Ra4 {[%clk 00:35:40]} {[%emt 00:00:10]} Kd7
{[%clk 00:26:47]} {[%emt 00:00:23]} 22. Be5 {[%clk 00:35:07]} {[%emt 00:00:43]}
f6 {[%clk 00:25:57]} {[%emt 00:01:00]} 23. Bg3 {[%clk 00:35:06]} {[%emt
00:00:09]} g5 {[%clk 00:24:45]} {[%emt 00:01:25]} 24. Rxc4 {[%clk 00:34:19]}
{[%emt 00:00:56]} h5 {[%clk 00:24:06]} {[%emt 00:00:51]} 25. h3 {[%clk
00:34:00]} {[%emt 00:00:28]} h4 {[%clk 00:22:59]} {[%emt 00:01:17]} 26. Bh2
{[%clk 00:33:54]} {[%emt 00:00:14]} f5 {[%clk 00:22:01]} {[%emt 00:01:09]} 27.
Be5 {[%clk 00:32:06]} {[%emt 00:01:58]} Rf8 {[%clk 00:21:47]} {[%emt 00:00:24]}
28. Kg1 {[%clk 00:31:18]} {[%emt 00:00:58]} Kd8 {[%clk 00:19:51]} {[%emt
00:02:06]} 29. Rf1 {[%clk 00:30:01]} {[%emt 00:01:27]} Bd7 {[%clk 00:18:50]}
{[%emt 00:01:12]} 30. Rb4 {[%clk 00:29:15]} {[%emt 00:00:55]} Kc8 {[%clk
00:18:11]} {[%emt 00:00:50]} 31. f4 {[%clk 00:28:55]} {[%emt 00:00:30]} g4
{[%clk 00:17:35]} {[%emt 00:00:46]} 32. hxg4 {[%clk 00:27:37]} {[%emt
00:01:27]} fxg4 {[%clk 00:17:34]} {[%emt 00:00:13]} 33. Kh2 {[%clk 00:27:13]}
{[%emt 00:00:34]} Be8 {[%clk 00:16:27]} {[%emt 00:01:16]} 34. Rb3 {[%clk
00:26:16]} {[%emt 00:01:06]} Bh5 {[%clk 00:15:26]} {[%emt 00:01:12]} 35. g3
{[%clk 00:26:01]} {[%emt 00:00:25]} h3 {[%clk 00:13:58]} {[%emt 00:01:38]} 36.
Nc1 {[%clk 00:25:10]} {[%emt 00:01:00]} Bg6 {[%clk 00:13:33]} {[%emt 00:00:36]}
37. Rb2 {[%clk 00:24:21]} {[%emt 00:00:59]} Be4 {[%clk 00:13:04]} {[%emt
00:00:40]} 38. Nb3 {[%clk 00:23:31]} {[%emt 00:00:59]} a5 {[%clk 00:12:03]}
{[%emt 00:01:12]} 39. Ra1 {[%clk 00:23:08]} {[%emt 00:00:33]} a4 {[%clk
00:09:38]} {[%emt 00:02:34]} 40. Rba2 {[%clk 00:22:52]} {[%emt 00:00:26]} Bc2
{[%clk 00:08:10]} {[%emt 00:01:38]} 41. Rxa4 {[%clk 00:22:55]} {[%emt
00:00:07]} Rxa4 {[%clk 00:07:56]} {[%emt 00:00:24]} 42. Rxa4 {[%clk 00:22:40]}
{[%emt 00:00:24]} Kd7 {[%clk 00:07:28]} {[%emt 00:00:39]} 43. Ra3 {[%clk
00:22:20]} {[%emt 00:00:30]} Bxb3 {[%clk 00:07:09]} {[%emt 00:00:29]} 44. Rxb3
{[%clk 00:22:04]} {[%emt 00:00:25]} Ra8 {[%clk 00:06:49]} {[%emt 00:00:30]} 45.
Rxb7+ {[%clk 00:21:52]} {[%emt 00:00:22]} Kc8 {[%clk 00:06:44]} {[%emt
00:00:16]} 46. Rb2 {[%clk 00:21:32]} {[%emt 00:00:30]} Ra4 {[%clk 00:06:20]}
{[%emt 00:00:33]} 47. Rb8+ {[%clk 00:18:55]} {[%emt 00:02:48]} Kd7 {[%clk
00:06:12]} {[%emt 00:00:18]} 48. d5 {[%clk 00:18:08]} {[%emt 00:00:57]} exd5
{[%clk 00:04:50]} {[%emt 00:01:32]} 49. Rg8 {[%clk 00:18:01]} {[%emt 00:00:17]}
d4 {[%clk 00:04:27]} {[%emt 00:00:34]} 50. Bxd4 {[%clk 00:17:07]} {[%emt
00:01:04]} Rxd4 {[%clk 00:04:18]} {[%emt 00:00:18]} 51. Rxg4 {[%clk 00:17:10]}
{[%emt 00:00:07]} Rd5 {[%clk 00:04:14]} {[%emt 00:00:14]} 52. Rg5 {[%clk
00:16:57]} {[%emt 00:00:23]} Ke6 {[%clk 00:03:05]} {[%emt 00:01:18]} 53. Kxh3
{[%clk 00:16:44]} {[%emt 00:00:24]} Rd3 {[%clk 00:02:22]} {[%emt 00:00:53]} 54.
Kh4 {[%clk 00:15:55]} {[%emt 00:01:00]} Rd4 {[%clk 00:01:53]} {[%emt 00:00:38]}
55. Kh5 {[%clk 00:15:20]} {[%emt 00:00:45]} Rd3 {[%clk 00:01:38]} {[%emt
00:00:25]} 56. Kg6 {[%clk 00:14:50]} {[%emt 00:00:40]} Rf3 {[%clk 00:01:20]}
{[%emt 00:00:27]} 57. f5+ {[%clk 00:14:51]} {[%emt 00:00:09]} Ke7 {[%clk
00:01:15]} {[%emt 00:00:16]} 58. Kg7 {[%clk 00:14:53]} {[%emt 00:00:08]} Rf2
{[%clk 00:00:45]} {[%emt 00:00:40]} 59. g4 {[%clk 00:14:53]} {[%emt 00:00:10]}
Rf4 {[%clk 00:00:21]} {[%emt 00:00:34]} 60. Rg6 {[%clk 00:14:58]} {[%emt
00:00:06]} 1-0